10 Most Populated U.S. States in 1940 - Statistics

General Stats
  • This quiz has been taken 150 times
  • The average score is 9 of 10
Answer Stats
Population U.S. State % Correct
13,479,142 New York
99%
6,907,387 California
97%
6,414,824 Texas
95%
7,897,241 Illinois
93%
9,900,180 Pennsylvania
93%
6,907,612 Ohio
91%
5,256,106 Michigan
88%
4,316,721 Massachusetts
86%
4,160,165 New Jersey
78%
3,784,664 Missouri
61%
No matching quizzes found
Score Distribution
Percent of People with Each Score
Percentile by Number Answered
Your Score History
You have not taken this quiz